000 00519nam a2200181Ia 4500
001 1232
005 20260306140617.0
008 260306t1998||||xx |||||||||||||| ||spa||
041 _aESP
082 _a189.4
_bR34
100 _aRedmond O´toole, Walter
_eAUT
245 0 _aLa lógica en el virreinato del Perú:
_bA través de las obras de Juan Espinoza Medrano (1688) e Isidoro de Celis (1787)
260 _c1998
300 _a417 páginas :
_c22 cm.
650 _aGEN
654 _aCHU
942 _cLIB
_dJUS
_fJUS
_2ddc
_n
999 _c1232
_d1232